Sanat: "Anna mennä lennä" - Mikko Harju - Statistics

Yleistilastot
  • Tätä visaa on pelattu 45 kertaa
  • Keskiarvotulos 94 / 165
Vastaustilastot
Vastaus % Oikein
anna
97%
Anna
97%
lennä
97%
me
97%
mennä
97%
vaan
86%
On
74%
on
74%
voi
74%
71%
kaiken
66%
voit
66%
ilmaista
60%
saavuttaa
60%
Rohkeus
57%
ja
54%
ei
51%
kurkottaa
51%
kuuseen
51%
joka
49%
Joka
49%
tuhlata
49%
Jos
40%
paljon
40%
monta
37%
satuttaa
37%
unelmaa
37%
kertaa
34%
miten
34%
nähty
34%
sanat
34%
hyvää
29%
kannata
29%
kaunista
29%
maahan
29%
matka
29%
odottaa
29%
ottaa
29%
pitää
29%
poljettuna
29%
Tää
29%
tehdä
29%
ihmeitä
26%
ihmisiin
26%
joskus
26%
mikä
26%
tuntuu
26%
uskon
26%
voidaan
26%
aina
23%
älä
23%
liian
23%
maailmassa
23%
merkitsee
23%
muiden
23%
oikeelta
23%
puheita
23%
rakkauteen
23%
virheistä
23%
yrittää
23%
kasvaa
20%
kohti
20%
latvaa
20%
määränpää
20%
mennään
20%
mitä
20%
pelkää
20%
susta
20%
uskalletaan
20%
vaik
20%
voittajat
20%
yhdessä
20%
arvokkainta
17%
itseeni
17%
jokaisen
17%
lasissa
17%
maratoni
17%
pikamatka
17%
tuhat
17%
askel
14%
mielenrauha
14%
täällä
14%
välil
14%
jatketaan
11%
Ehtoja vastaavia visoja ei löytynyt
Tulosjakauma
Jokaisen tuloksen saaneiden osuus
Persentiili vastausten määrän mukaan
Tuloshistoriasi
Et ole pelannut tätä visaa